Forum - méthode de français 2

Uložené v:
Podrobná bibliografia
Médium: Kniha
Jazyk:French
Vydavateľské údaje: Paris Hachette 2001
Predmet:
Tagy: Pridať tag
Žiadne tagy, Buďte prvý, kto otaguje tento záznam!

MARC

LEADER 00000nam$a2200000$$$4500
001 0048420
005 20221129100932.3
020 |a 2-01-1551-32-3 
041 0 |a fre 
044 |a FR 
245 1 0 |a Forum - méthode de français 2 
264 1 |a Paris  |b Hachette  |c 2001 
300 |a 191 s.  |e 1 príl. 
610 2 0 |a jazykoveda 
610 2 0 |a terminológia 
610 2 0 |a jazyky cudzie